Návrh a výroba pásovej brúsky pomocou aditívnych technológií

Enregistré dans:
Détails bibliographiques
Auteur principal: Stopka, Matúš (Auteur)
Autres auteurs: Milde, Ján (Directeur de thèse)
Format: Manuscrit Livre
Langue:slovaque
Publié: 2025
Sujets:
Accès en ligne:http://is.stuba.sk/zp/portal_zp.pl?podrobnosti=176989
Tags: Ajouter un tag
Pas de tags, Soyez le premier à ajouter un tag!

MARC

LEADER 00000ntm a22000003a 4500
001 stuzp103480
003 SK-STU
005 20250628210644.3
007 ta
008 150427s2015----xo-----f-mn---000-0-slo-d
040 |a STU  |b slo 
041 0 |a slo 
100 1 |a Stopka, Matúš  |u 063000  |4 aut  |U MTF Materiálovotechnologická fakulta  |T MTF Ústav výrobných technológií  |X 122036  |U M3000  |Y 83  |7 122036 
242 0 1 |a Design and Manufacture of a Belt Grinder Using Additive Technologies  |y eng 
245 1 0 |a Návrh a výroba pásovej brúsky pomocou aditívnych technológií 
260 |c 2025 
650 4 |a CAD  |2 slo 
650 4 |a Fusion 360  |2 slo 
650 4 |a Aditívne technológie  |2 slo 
650 4 |a FDM tlač  |2 slo 
650 4 |a Brúsenie  |2 slo 
650 4 |a Pásová brúska  |2 slo 
650 4 |a CAD  |2 eng 
650 4 |a FDM printing  |2 eng 
650 4 |a Grinding  |2 eng 
650 4 |a Belt grinder  |2 eng 
650 4 |a Fusion 360  |2 eng 
650 4 |a Additive technologies  |2 eng 
700 1 |a Milde, Ján  |u 063200  |k Z1  |4 ths  |U MTF Ústav výrobných technológií  |T MTF Katedra obrábania a počítačovej podpory technológií  |X 56936  |U M3200  |Y 164  |7 A000056936 
856 4 |u http://is.stuba.sk/zp/portal_zp.pl?podrobnosti=176989 
996 |c M* BP-10019  |l MMSKP  |s P  |a 0  |w stuzp103480_0001